| 000 | 00711cam a22002533a 4500 | ||
|---|---|---|---|
| 001 | 15153 | ||
| 003 | PGUSA | ||
| 005 | 20140828083326.0 | ||
| 008 | 050223s2005||||xxu|||||s|||||000 d eng d | ||
| 040 |
_aPGUSA _beng |
||
| 042 | _adc | ||
| 050 | 4 | _aPR | |
| 100 | 1 |
_aYeats, W. B. _q(William Butler), _d1865-1939 |
|
| 245 | 1 | 4 |
_aThe Land of Heart's Desire _h[electronic resource] / _cW. B. Yeats |
| 260 |
_bProject Gutenberg, _c2005 |
||
| 500 | _aLittle Blue Book No. 335 | ||
| 506 | _aPublic domain in the USA. | ||
| 516 | _aElectronic text | ||
| 653 | _aIreland -- Drama | ||
| 653 | _aFairy plays | ||
| 830 | 0 |
_aProject Gutenberg _v15153 |
|
| 856 | 4 | 0 | _uhttp://www.gutenberg.org/ebooks/15153 |
| 942 | _cEB | ||
| 999 |
_c244408 _d244408 |
||